Countries of International NBA Players - Statistics

General Stats
  • This quiz has been taken 50 times
  • The average score is 22 of 27
Answer Stats
Countries % Correct
China
100%
France
100%
Canada
98%
Greece
98%
Germany
95%
Spain
95%
Argentina
93%
Australia
93%
Brazil
93%
Serbia
93%
Nigeria
91%
New Zealand
88%
Cameroon
86%
Latvia
86%
Lithuania
86%
Slovenia
86%
Turkey
86%
Democratic Republic of the Congo
84%
Croatia
81%
Republic of the Congo
81%
Dominican Republic
79%
Jamaica
77%
Sudan
65%
Netherlands
63%
Switzerland
49%
Tanzania
28%
Panama
23%
No matching quizzes found
Score Distribution
Percent of People with Each Score
Percentile by Number Answered
Your Score History
You have not taken this quiz